000 00492nam a2200193Ia 4500
005 20230805111904.0
008 131103s9999 xx 000 0 und d
020 _aSBN 671-75581-1
040 _aLoreto College
041 _aEnglish
082 _aF
_bGAR
100 _aGardner,Erle Stanley
245 4 _aThe case of the fabulous fake
_cErle Stanley Gardner
260 _aNew York
_bPocket books
_c1971
300 _a180p
650 _aEnglish Fiction
850 _aLCLIB
942 _cBK
999 _c18380
_d68859